|
|
|
|
| LEADER |
00000cam a2200000 4500 |
| 001 |
vtls011722572 |
| 003 |
SK-MaSNL |
| 005 |
20260301101952.0 |
| 008 |
200104s2017 xo jdclf np 000 0dslo |
| 015 |
|
|
|a SNBA2018/02
|
| 020 |
|
|
|a 9788022343725
|q (brožované)
|
| 035 |
|
|
|a urn:nbn:sk:snk-am00d0u8
|
| 035 |
|
|
|a urn:nbn:sk:snk-am3hhu1
|
| 035 |
|
|
|a B73BF568-A350-415C-96FA-2A0FE4D6ACD8
|
| 040 |
|
|
|a SNK
|b slo
|c SNK
|e rda
|
| 041 |
0 |
|
|a slo
|
| 044 |
|
|
|a xo
|c SK
|
| 072 |
|
7 |
|a 33
|x Ekonómia
|2 konspekt
|
| 080 |
|
|
|a 330.101.542
|2 2011
|
| 080 |
|
|
|a (075.8)
|2 2011
|
| 080 |
|
|
|a 339.1
|2 2011
|
| 080 |
|
|
|a 366-05
|2 2011
|
| 080 |
|
|
|a 33[37+004.855.5]
|2 2011
|
| 100 |
1 |
|
|a Stoličná, Zuzana,
|d 1975-
|4 aut
|9 223776
|
| 245 |
1 |
0 |
|a Mikroekonómia
|c Zuzana Stoličná, Dalibor Černička
|
| 250 |
|
|
|a 1. vydanie
|
| 264 |
|
1 |
|a V Bratislave
|b Univerzita Komenského
|c 2017
|
| 300 |
|
|
|a 90 strán
|b grafy, schémy, tabuľky, portréty
|c 24 cm
|
| 336 |
|
|
|a text
|b txt
|2 rdacontent
|
| 336 |
|
|
|a statický obraz
|b sti
|2 rdacontent
|
| 337 |
|
|
|a bez média
|b n
|2 rdamedia
|
| 338 |
|
|
|a zväzok
|b nc
|2 rdacarrier
|
| 504 |
|
|
|a Bibliografia na strane 90
|
| 650 |
0 |
7 |
|a mikroekonómia
|2 SNKPH
|9 2313
|
| 650 |
0 |
7 |
|a trhová ekonomika
|2 SNKPH
|9 2374
|
| 650 |
0 |
7 |
|a Microeconomics
|2 SNKPHeng
|9 319360
|
| 650 |
0 |
7 |
|a Market economy
|2 SNKPHeng
|9 317120
|
| 650 |
0 |
7 |
|a ekonomické príklady
|2 SNKPH
|9 55386
|
| 650 |
0 |
7 |
|a Economy examples
|2 SNKPHeng
|9 319845
|
| 655 |
|
7 |
|a učebnice vysokých škôl
|2 SNKPH
|9 70191
|
| 655 |
|
7 |
|a Textbooks (higher)
|2 SNKPHeng
|9 276436
|
| 700 |
1 |
|
|a Černička, Dalibor
|4 aut
|9 355476
|
| 752 |
|
|
|a Slovensko
|d Bratislava
|
| 919 |
|
|
|a 978-80-223-4372-5
|
| 958 |
|
|
|a NB
|
| 999 |
|
|
|c 690806
|d 692736
|
| 952 |
|
|
|a SNK
|b SNK
|y PREZ
|7 0
|p 17A1306524
|o snkSC 177440
|i snk2018/99
|8 0
|0 0
|1 0
|4 0
|d 2018-01-04
|f 1
|l 0
|r 2025-09-18 00:00:00
|w 2026-02-23
|
| 952 |
|
|
|a SNK
|b SNK
|y VYP
|7 0
|p 17A1306525
|o snkSC 177440 D1
|i snk2018/100
|8 0
|0 0
|1 0
|4 0
|d 2018-01-04
|l 0
|r 2026-02-23 20:26:15
|w 2026-02-23
|